| 000 | 00605nam a2200121Ia 4500 | ||
|---|---|---|---|
| 008 | 220620s9999||||xx |||||||||||||| ||und|| | ||
| 100 | _aBuxton, Barry M.||Stewart, Jacqueline P.||Crutchfield, Malinda L.||Lightfoot, William E. | ||
| 245 | 4 | _aThe Appalachian Experience | |
| 546 | _aEnglish[eng] | ||
| 650 | _aSocial Science||Regional Studies | ||
| 856 | _uhttps://library.oapen.org/bitstream/20.500.12657/47591/1/external_content.pdf||https://library.oapen.org/bitstream/20.500.12657/47591/1/external_content.pdf||https://library.oapen.org/bitstream/20.500.12657/47591/1/external_content.pdf | ||
| 942 | _cEB | ||
| 999 |
_c25144 _d25144 |
||